000 00778nam a22002297a 4500
999 _c182219
_d182219
005 20211108164528.0
010 _aB-741824
020 _a9788131790311
_c200.00
035 _aB-741824
037 _bPearson /Gift
082 _a332.645
100 _aHull, John C.
245 _aOptions, futures, and other derivative securities /
_cby John C. Hull [and] Sankarshan Basu
250 _a8th ed
260 _aNew Delhi
_bPearson
_c2014
270 _a11 Community Centre, Panchsheel Park,
_bNew Delhi
_e110017
300 _axxi, 872p.
_c25cm(pbk)
500 _aincludes index
700 _aBasu, Sankarshan
942 _adpl
_cEN
_2ddc
_mHUL
_h332.645